It looks like you're offline.
Open Library logo
additional options menu

MARC Record from Scriblio

Record ID marc_records_scriblio_net/part07.dat:122881346:799
Source Scriblio
Download Link /show-records/marc_records_scriblio_net/part07.dat:122881346:799?format=raw

LEADER: 00799cam 2200229 4500
001 73086126 //r884
003 DLC
005 19880204000000.0
008 720822s1970 nyua 00000 eng
010 $a 73086126 //r884
020 $a067074705X
041 1 $aengita
050 0 $aPN1997.A1$bV5
082 0 $a791.43/75$219
100 10 $aVisconti, Luchino,$d1906-1976.
240 10 $aSelections.$lEnglish.$f1970
245 10 $aThree screenplays: White nights.$bRocco and his brothers. The job [an episode from Boccaccio '70]$cTranslated from the Italian by Judith Green.
260 0 $aNew York,$bOrion Press,$c1970.
300 $a313 p.$billus.$c21 cm.
350 $a$7.95
500 $aConsists of translations of Le notti blanche, Rocco e i suoi fratelli, and Il lavoro.
650 0 $aMotion picture plays.